<?xml version="1.0" encoding="UTF-8"?>
<record
    xmlns:xsi="http://www.w3.org/2001/XMLSchema-instance"
    xsi:schemaLocation="http://www.loc.gov/MARC21/slim http://www.loc.gov/standards/marcxml/schema/MARC21slim.xsd"
    xmlns="http://www.loc.gov/MARC21/slim">

  <leader>02152nam a2200601 a 4500</leader>
  <controlfield tag="005">20240424125752.0</controlfield>
  <controlfield tag="008">100315s2012||||sp a   f |||| 001 0 spa d</controlfield>
  <datafield tag="020" ind1=" " ind2=" ">
    <subfield code="a">9788415419563</subfield>
  </datafield>
  <datafield tag="041" ind1=" " ind2=" ">
    <subfield code="a">spa</subfield>
  </datafield>
  <datafield tag="092" ind1=" " ind2=" ">
    <subfield code="c">616.07</subfield>
    <subfield code="l">76</subfield>
    <subfield code="s">RUB</subfield>
  </datafield>
  <datafield tag="100" ind1="1" ind2=" ">
    <subfield code="a">Rubin, Raphael</subfield>
    <subfield code="9">2371</subfield>
  </datafield>
  <datafield tag="245" ind1=" " ind2=" ">
    <subfield code="a">Rubin. Patolog&#xED;a.</subfield>
    <subfield code="b">Fundamentos clinicopatol&#xF3;gicos en medicina / </subfield>
    <subfield code="c">Raphael Rubin</subfield>
  </datafield>
  <datafield tag="250" ind1=" " ind2=" ">
    <subfield code="a">6a ed. en espa&#xF1;ol de obra original en ingl&#xE9;s</subfield>
    <subfield code="b">Traducci&#xF3;n H&#xE9;ctor Ra&#xFA;l Planas Gonz&#xE1;les, Jos&#xE9; Gabriel P&#xE9;rez Rend&#xF3;n y Gabriela Enr&#xED;quez Cotera</subfield>
  </datafield>
  <datafield tag="260" ind1=" " ind2=" ">
    <subfield code="a">Barcelona: </subfield>
    <subfield code="b">Wolters Kluwer ; Lippincott Williamns &amp; Wilkins;</subfield>
    <subfield code="c">2012.</subfield>
  </datafield>
  <datafield tag="300" ind1=" " ind2=" ">
    <subfield code="a">1454 p.</subfield>
  </datafield>
  <datafield tag="500" ind1=" " ind2=" ">
    <subfield code="a">Rubin, R. y Strayer, D. S. (2012). Rubin. Patolog&#xED;a Fundamentos clinicopatol&#xF3;gicos en medicina. (6a ed.). Barcelona : Wolters Kluwer ; Lippincott Williamns &amp; Wilkins.</subfield>
  </datafield>
  <datafield tag="653" ind1=" " ind2=" ">
    <subfield code="a">Adaptaci&#xF3;n celular,lesi&#xF3;n celular y muerte celular</subfield>
  </datafield>
  <datafield tag="653" ind1=" " ind2=" ">
    <subfield code="a">Inflamaci&#xF3;n</subfield>
  </datafield>
  <datafield tag="653" ind1=" " ind2=" ">
    <subfield code="a">Reparaci&#xF3;n, regeneraci&#xF3;n y fibrosis</subfield>
  </datafield>
  <datafield tag="653" ind1=" " ind2=" ">
    <subfield code="a">Inmunopatolog&#xED;a</subfield>
  </datafield>
  <datafield tag="653" ind1=" " ind2=" ">
    <subfield code="a">Neoplasias</subfield>
  </datafield>
  <datafield tag="653" ind1=" " ind2=" ">
    <subfield code="a">Transtornos del desarrollo y de origen gen&#xE9;tico</subfield>
  </datafield>
  <datafield tag="653" ind1=" " ind2=" ">
    <subfield code="a">Trastornos hemodin&#xE1;micos</subfield>
  </datafield>
  <datafield tag="653" ind1=" " ind2=" ">
    <subfield code="a">Patolog&#xED;a ambiental y nutrici&#xF3;n</subfield>
  </datafield>
  <datafield tag="653" ind1=" " ind2=" ">
    <subfield code="a">Enfermedades infecciosas y parasitarias</subfield>
  </datafield>
  <datafield tag="653" ind1=" " ind2=" ">
    <subfield code="a">Vasos sangu&#xED;neos</subfield>
  </datafield>
  <datafield tag="653" ind1=" " ind2=" ">
    <subfield code="a">Coraz&#xF3;n</subfield>
  </datafield>
  <datafield tag="653" ind1=" " ind2=" ">
    <subfield code="a">Aparato respiratorio</subfield>
  </datafield>
  <datafield tag="653" ind1=" " ind2=" ">
    <subfield code="a">Aparato digestivo</subfield>
  </datafield>
  <datafield tag="653" ind1=" " ind2=" ">
    <subfield code="a">Higado y el sistema de v&#xED;as biliares</subfield>
  </datafield>
  <datafield tag="653" ind1=" " ind2=" ">
    <subfield code="a">P&#xE1;ncreas</subfield>
  </datafield>
  <datafield tag="653" ind1=" " ind2=" ">
    <subfield code="a">Ri&#xF1;&#xF3;n</subfield>
  </datafield>
  <datafield tag="653" ind1=" " ind2=" ">
    <subfield code="a">V&#xED;as urinarias inferiores y el aparato reproductor masculino</subfield>
  </datafield>
  <datafield tag="653" ind1=" " ind2=" ">
    <subfield code="a">Sistema reproductor femenino, peritoneo y embarazo</subfield>
  </datafield>
  <datafield tag="653" ind1=" " ind2=" ">
    <subfield code="a">Mama</subfield>
  </datafield>
  <datafield tag="653" ind1=" " ind2=" ">
    <subfield code="a">Hematopatolog&#xED;a</subfield>
  </datafield>
  <datafield tag="653" ind1=" " ind2=" ">
    <subfield code="a">Sistema endocrino</subfield>
  </datafield>
  <datafield tag="653" ind1=" " ind2=" ">
    <subfield code="a">Obesidad, diabetes mellitus y s&#xED;ndrome metab&#xF3;lico</subfield>
  </datafield>
  <datafield tag="653" ind1=" " ind2=" ">
    <subfield code="a">Amiloidosis</subfield>
  </datafield>
  <datafield tag="653" ind1=" " ind2=" ">
    <subfield code="a">Piel</subfield>
  </datafield>
  <datafield tag="653" ind1=" " ind2=" ">
    <subfield code="a">Cabeza y cuello</subfield>
  </datafield>
  <datafield tag="653" ind1=" " ind2=" ">
    <subfield code="a">Huesos y articulaciones</subfield>
  </datafield>
  <datafield tag="653" ind1=" " ind2=" ">
    <subfield code="a">M&#xFA;sculo esquel&#xE9;tico</subfield>
  </datafield>
  <datafield tag="653" ind1=" " ind2=" ">
    <subfield code="a">Sistema nervioso</subfield>
  </datafield>
  <datafield tag="653" ind1=" " ind2=" ">
    <subfield code="a">Ojo</subfield>
  </datafield>
  <datafield tag="700" ind1="1" ind2=" ">
    <subfield code="a">Strayer, David S.</subfield>
    <subfield code="9">2372</subfield>
  </datafield>
  <datafield tag="930" ind1=" " ind2=" ">
    <subfield code="a">1706</subfield>
  </datafield>
  <datafield tag="930" ind1=" " ind2=" ">
    <subfield code="a">1979</subfield>
  </datafield>
  <datafield tag="930" ind1=" " ind2=" ">
    <subfield code="a">1980</subfield>
  </datafield>
  <datafield tag="930" ind1=" " ind2=" ">
    <subfield code="a">2030</subfield>
  </datafield>
  <datafield tag="930" ind1=" " ind2=" ">
    <subfield code="a">2031</subfield>
  </datafield>
  <datafield tag="942" ind1=" " ind2=" ">
    <subfield code="2">ddc</subfield>
    <subfield code="c">BK</subfield>
  </datafield>
  <datafield tag="999" ind1=" " ind2=" ">
    <subfield code="c">1469</subfield>
    <subfield code="d">1469</subfield>
  </datafield>
  <datafield tag="952" ind1=" " ind2=" ">
    <subfield code="0">0</subfield>
    <subfield code="1">0</subfield>
    <subfield code="2">ddc</subfield>
    <subfield code="4">0</subfield>
    <subfield code="7">0</subfield>
    <subfield code="8">REF</subfield>
    <subfield code="a">BFM</subfield>
    <subfield code="b">BFM</subfield>
    <subfield code="c">REF</subfield>
    <subfield code="d">2013-05-30</subfield>
    <subfield code="g">760.00</subfield>
    <subfield code="l">4</subfield>
    <subfield code="o">616.07 76 RUB</subfield>
    <subfield code="p">2932</subfield>
    <subfield code="r">2015-03-13</subfield>
    <subfield code="s">2015-03-09</subfield>
    <subfield code="t">ej.1</subfield>
    <subfield code="w">2013-05-30</subfield>
    <subfield code="y">REF</subfield>
    <subfield code="z">LIBRO DE CONSULTA. COMPRA PROMED, 2DO A&#xD1;O. Mayo 2013. Sede Tordos. </subfield>
    <subfield code="f"></subfield>
  </datafield>
  <datafield tag="952" ind1=" " ind2=" ">
    <subfield code="0">0</subfield>
    <subfield code="1">0</subfield>
    <subfield code="2">ddc</subfield>
    <subfield code="4">0</subfield>
    <subfield code="7">0</subfield>
    <subfield code="a">BFM</subfield>
    <subfield code="b">BFM</subfield>
    <subfield code="c">CR</subfield>
    <subfield code="d">2013-07-26</subfield>
    <subfield code="g">680.00</subfield>
    <subfield code="l">30</subfield>
    <subfield code="m">2</subfield>
    <subfield code="o">616.07 76 ROU</subfield>
    <subfield code="p">3010</subfield>
    <subfield code="r">2018-05-11</subfield>
    <subfield code="s">2018-05-07</subfield>
    <subfield code="t">ej.2</subfield>
    <subfield code="w">2013-07-26</subfield>
    <subfield code="y">BK</subfield>
    <subfield code="z">COMPRA PROMED, 2DO A&#xD1;O. JULIO 2013. Sede Tordos.</subfield>
    <subfield code="f"></subfield>
  </datafield>
  <datafield tag="952" ind1=" " ind2=" ">
    <subfield code="0">0</subfield>
    <subfield code="1">0</subfield>
    <subfield code="2">ddc</subfield>
    <subfield code="4">0</subfield>
    <subfield code="7">0</subfield>
    <subfield code="a">BFM</subfield>
    <subfield code="b">BFM</subfield>
    <subfield code="c">CR</subfield>
    <subfield code="d">2013-07-26</subfield>
    <subfield code="g">680.00</subfield>
    <subfield code="l">42</subfield>
    <subfield code="m">1</subfield>
    <subfield code="o">616.07 76 ROU</subfield>
    <subfield code="p">3011</subfield>
    <subfield code="r">2024-03-07</subfield>
    <subfield code="s">2023-12-18</subfield>
    <subfield code="t">ej.3</subfield>
    <subfield code="w">2013-07-26</subfield>
    <subfield code="y">BK</subfield>
    <subfield code="z">COMPRA PROMED, 2DO A&#xD1;O. JULIO 2013. Sede Tordos.</subfield>
    <subfield code="f"></subfield>
  </datafield>
  <datafield tag="952" ind1=" " ind2=" ">
    <subfield code="0">0</subfield>
    <subfield code="1">0</subfield>
    <subfield code="2">ddc</subfield>
    <subfield code="4">0</subfield>
    <subfield code="7">0</subfield>
    <subfield code="a">BFM</subfield>
    <subfield code="b">BFM</subfield>
    <subfield code="c">CR</subfield>
    <subfield code="d">2013-07-26</subfield>
    <subfield code="g">680.00</subfield>
    <subfield code="l">27</subfield>
    <subfield code="m">2</subfield>
    <subfield code="o">616.07 76 ROU</subfield>
    <subfield code="p">3012</subfield>
    <subfield code="r">2026-02-27</subfield>
    <subfield code="s">2025-12-02</subfield>
    <subfield code="t">ej.4</subfield>
    <subfield code="w">2013-07-26</subfield>
    <subfield code="y">BK</subfield>
    <subfield code="z">COMPRA PROMED, 2DO A&#xD1;O. JULIO 2013. Sede Tordos.</subfield>
    <subfield code="f"></subfield>
  </datafield>
  <datafield tag="952" ind1=" " ind2=" ">
    <subfield code="0">0</subfield>
    <subfield code="1">0</subfield>
    <subfield code="2">ddc</subfield>
    <subfield code="4">0</subfield>
    <subfield code="7">0</subfield>
    <subfield code="a">BFM</subfield>
    <subfield code="b">BFM</subfield>
    <subfield code="c">CR</subfield>
    <subfield code="d">2013-07-26</subfield>
    <subfield code="g">680.00</subfield>
    <subfield code="l">29</subfield>
    <subfield code="m">8</subfield>
    <subfield code="o">616.07 76 ROU</subfield>
    <subfield code="p">3013</subfield>
    <subfield code="r">2019-10-23</subfield>
    <subfield code="s">2019-10-21</subfield>
    <subfield code="t">ej.5</subfield>
    <subfield code="w">2013-07-26</subfield>
    <subfield code="y">BK</subfield>
    <subfield code="z">COMPRA PROMED, 2DO A&#xD1;O. JULIO 2013. Sede Tordos.</subfield>
    <subfield code="f"></subfield>
  </datafield>
  <datafield tag="952" ind1=" " ind2=" ">
    <subfield code="0">0</subfield>
    <subfield code="1">0</subfield>
    <subfield code="2">ddc</subfield>
    <subfield code="4">0</subfield>
    <subfield code="7">0</subfield>
    <subfield code="a">BFM</subfield>
    <subfield code="b">BFM</subfield>
    <subfield code="c">CR</subfield>
    <subfield code="d">2013-07-26</subfield>
    <subfield code="g">680.00</subfield>
    <subfield code="l">1</subfield>
    <subfield code="m">8</subfield>
    <subfield code="o">616.07 76 ROU</subfield>
    <subfield code="p">3014</subfield>
    <subfield code="q">2030-03-07</subfield>
    <subfield code="r">2014-11-06</subfield>
    <subfield code="s">2013-08-07</subfield>
    <subfield code="t">ej.6</subfield>
    <subfield code="w">2013-07-26</subfield>
    <subfield code="y">BK</subfield>
    <subfield code="z">COMPRA PROMED, 2DO A&#xD1;O. JULIO 2013 LIBRO DE CATEDRA</subfield>
  </datafield>
</record>
